Hearing (Record no. 107201)

MARC details
000 -LÍDER
campo de controle de tamanho fixo 00714 a2200277 4500
001 - NÚMERO DE CONTROLE
campo de controle 107201
020 ## - ISBN - INTERNATIONAL STANDARD BOOK NUMBER
ISBN - International Standard Book Number 9781432936808 (lib. bdg.)
020 ## - ISBN - INTERNATIONAL STANDARD BOOK NUMBER
ISBN - International Standard Book Number 9781432936846 (set : lib. bdg.)
020 ## - ISBN - INTERNATIONAL STANDARD BOOK NUMBER
ISBN - International Standard Book Number 9781432936860 (pbk.)
041 ## - CÓDIGO DE IDIOMA
Código do idioma do texto/trilha sonora ou título diferente por
090 ## - NÚMERO DE CHAMADA LOCAL
Número de chamada (OCLC) (R); Número de chamada, CALL (RLIN) (NR) AP SK 612 RIS
092 ## - CLASSIFICAÇÃO DE DEWEY ATRIBUÍDA LOCALMENTE (OCLC)
Número de Classificação 2009022287
040 ## - FONTE DA CATALOGAÇÃO
Instituição da catalogação original BR-BrIDEA
Instituição que transcreveu o registro BR-BrIDEA
100 ## - ENTRADA PRINCIPAL--NOME PESSOAL
Nome pessoal Rissman, Rebecca.
250 ## - EDIÇÃO
Edição . ed.
245 10 - TÍTULO
Título Hearing
Indicação de responsabilidade, etc. Rebecca Rissman
260 ## - PUBLICAÇÃO, DISTRIBUIÇÃO, ETC.
Local de publicação, distribuição, etc. Chicago
Nome do editor, distribuidor, etc. Heinemann Library
Data da publicação, distribuição, etc. 2010
300 ## - DESCRIÇÃO FÍSICA
Extensão 24 p.
490 ## - TÍTULO DA SÉRIE
Título da série Rissman, Rebecca. Five senses
697 ## - ENTRADA DE ASSUNTO LOCAL--ENTIDADE COLETIVA (RLIN)
Nome corporativo ou nome da jurisdição Hearing
697 ## - ENTRADA DE ASSUNTO LOCAL--ENTIDADE COLETIVA (RLIN)
Nome corporativo ou nome da jurisdição Ear
697 ## - ENTRADA DE ASSUNTO LOCAL--ENTIDADE COLETIVA (RLIN)
Nome corporativo ou nome da jurisdição Readers (Elementary)
830 ## - ENTRADA SECUNDÁRIA DE SÉRIE--TÍTULO UNIFORME
Título uniforme Rissman, Rebecca. Five senses
856 ## - LOCALIZAÇÃO ELETRÔNICA E ACESSO
Uniform Resource Identifier <a href="000012/0000126f.jpg">000012/0000126f.jpg</a>
942 ## - ELEMENTOS DE ENTRADA ADICIONADOS (KOHA)
Tipo de material Koha Livros
Holdings
Situação do descarte Situação das perdas Fonte da classificação ou esquema de arquivamento na estante Situação física Não pode ser emprestado Biblioteca de origem Biblioteca atual Data de aquisição Total de empréstimos Número de chamada completo Código de barras Data de último acesso Data do preço efetivo Tipo de material Koha Data do último empréstimo
          Canadian School of Niterói - Piratininga Canadian School of Niterói - Piratininga 09/02/2024   H2 - RIS A10428 09/02/2024 09/02/2024 Livros  
    Classificação Decimal de Dewey     ECB - SUDOESTE ECB - SUDOESTE 16/08/2013   P Nursery 612 00004635SSW 23/01/2024 23/01/2024 Livros  
    Classificação Decimal de Dewey     ECB - SUDOESTE ECB - SUDOESTE 16/08/2013 1 P Nursery 612 00004636SSW 18/06/2024 23/01/2024 Livros 27/02/2024
    Classificação Decimal de Dewey     ECB - SUDOESTE ECB - SUDOESTE 16/08/2013 1 P Nursery 612 00004634SSW 01/04/2024 23/01/2024 Livros 27/02/2024
    Classificação Decimal de Dewey     ECB - SUDOESTE ECB - SUDOESTE 07/11/2014   P SK 612 RIS 00011249SSW 23/01/2024 23/01/2024 Livros  
    Classificação Decimal de Dewey     ECB - SUDOESTE ECB - SUDOESTE 07/11/2014   P SK 612 RIS 00011248SSW 23/01/2024 23/01/2024 Livros  
    Classificação Decimal de Dewey     ECB - SUDOESTE ECB - SUDOESTE 07/11/2014   P SK 612 RIS 00011247SSW 23/01/2024 23/01/2024 Livros  
    Classificação Decimal de Dewey     ECB - ÁGUAS CLARAS ECB - ÁGUAS CLARAS 10/05/2019   AP SK 612 RIS 00043795AGC 23/01/2024 23/01/2024 Livros  
    Classificação Decimal de Dewey     ECB - ÁGUAS CLARAS ECB - ÁGUAS CLARAS 10/05/2019   AP SK 612 RIS 00043796AGC 23/01/2024 23/01/2024 Livros  
    Classificação Decimal de Dewey     ECB - ÁGUAS CLARAS ECB - ÁGUAS CLARAS 26/02/2019 1 AP Nursery 612 RIS 00042686AGC 11/03/2024 23/01/2024 Livros 26/02/2024
    Classificação Decimal de Dewey     ECB - ÁGUAS CLARAS ECB - ÁGUAS CLARAS 26/02/2019 2 AP Nursery 612 RIS 00042687AGC 09/05/2024 23/01/2024 Livros 22/03/2024